000 00616nam a2200241Ia 4500
001 26819
005 20240114000940.0
007 ta
008 060516s1914 g b000 u 465 u
040 _aCotton College,Assam
041 _a465
082 _a824.66
_bG 574 B
100 _aGoldsmith, Oliver .
245 0 _aThe Bee /
_cOliver Goldsmith.
_hTextual Documents
250 _a1st ed. /
260 _aLondon :
_bOxford University Press ,
_c1914.
300 _a416p. ;
_c21cm.
653 _aEnglish essays
653 _aG-English
942 _2ddc
_cBK
999 _c26801
_d26801